00495nam a2200181Ii 45000010005000000030009000050080041000140400033000550410008000880820012000961000019001082450027001272640066001543000012002203360026002323370028002583380027002866319CO-ViMGA241108s9999||||xx |||||||||||||| ||und|| aCO-ViMGAbspaerdacCO-ViMGA0 aunk04a862-V341 aJuan de Valdes10aDiálogo de la lengua 1a[Lugar de publicación no identificado] : Espasa-Calpe, 1946 avolumen atextbtxt2rdacontent aunmediatedbn2rdamedia avolumebnc2rdacarrier